[Event "3rd Sat Djenovici Mar IM"]
[Site "Djenovici MNE"]
[Date "2018.03.17"]
[Round "1.1"]
[White "Soham, Das"]
[Black "Fominyh, Alexander"]
[Result "1-0"]
[BlackTitle "GM"]
[WhiteElo "2275"]
[BlackElo "2406"]
[WhiteFideId "35026763"]
[BlackFideId "4100590"]
[EventDate "2018.03.17"]

1. e4 c5 2. Nf3 e6 3. d4 cxd4 4. Nxd4 Nc6 5. Nc3 Qc7 6. Be3 a6 7. Qd2 Nf6 8.
O-O-O Be7 9. f3 b5 10. Nxc6 dxc6 11. Qf2 Nd7 12. g4 c5 13. h4 Bb7 14. g5 O-O-O
15. h5 c4 16. Bh3 Nc5 17. Nd5 Bxd5 18. exd5 Kb8 19. dxe6 fxe6 20. f4 Rhf8 21.
Bg2 Ka7 22. b4 cxb3 23. cxb3 b4 24. Kb1 Kb6 25. a3 Rxd1+ 26. Rxd1 Rd8 27. Rc1
Rd3 28. Rc4 Rxb3+ 29. Kc1 bxa3 30. Bd4 Rb5 31. Bxg7 Ka7 32. Qf3 a2 33. Kc2 e5
34. Bxe5 Bd6 35. Bd4 Kb6 36. g6 hxg6 37. hxg6 Bf8 38. f5 Qd7 39. Qd5 Qe8 40.
Qb7+ 1-0

[Event "3rd Sat Djenovici Mar IM"]
[Site "Djenovici MNE"]
[Date "2018.03.17"]
[Round "1.2"]
[White "Krstulovic, Alex"]
[Black "Rajkovic, Mladen"]
[Result "1-0"]
[WhiteTitle "FM"]
[WhiteElo "2376"]
[BlackElo "2361"]
[WhiteFideId "760056"]
[BlackFideId "930660"]
[EventDate "2018.03.17"]

1. d4 Nf6 2. c4 g6 3. Nc3 d5 4. cxd5 Nxd5 5. e4 Nxc3 6. bxc3 Bg7 7. Bg5 c5 8.
Rc1 Qa5 9. Qd2 O-O 10. Nf3 Bg4 11. d5 e6 12. Be2 exd5 13. exd5 b5 14. O-O c4 15.
h3 Bd7 16. Bh6 Na6 17. Bxg7 Kxg7 18. Ne5 Rad8 19. Bg4 Be8 20. Bf3 f6 21. Ng4 Nc5
22. Rce1 Qc7 23. Qh6+ Kg8 24. Re3 Qg7 25. Qf4 Nd3 26. Qd4 h5 27. Nh2 f5 28. Rxd3
cxd3 29. Qxd3 Qe5 30. Rd1 Rd6 31. Nf1 a6 32. Nd2 Bf7 33. c4 Rc8 34. cxb5 Rc3 35.
Qf1 Bxd5 36. bxa6 Bxf3 37. Nxf3 Rxd1 38. Qxd1 Qc7 39. Qd5+ Kf8 40. Ne5 Rc1+ 41.
Kh2 Ke7 42. a7 Rh1+ 43. Kxh1 Qc1+ 44. Kh2 Qf4+ 45. g3 Qxf2+ 46. Qg2 1-0

[Event "3rd Sat Djenovici Mar IM"]
[Site "Djenovici MNE"]
[Date "2018.03.17"]
[Round "1.3"]
[White "Kovacevic, Nikola"]
[Black "Ding, Tze How Dilwen"]
[Result "0-1"]
[BlackTitle "FM"]
[WhiteElo "2121"]
[BlackElo "2273"]
[WhiteFideId "632767"]
[BlackFideId "5707641"]
[EventDate "2018.03.17"]

1. e4 c5 2. Nf3 e6 3. d4 cxd4 4. Nxd4 Nc6 5. Nc3 a6 6. Nxc6 bxc6 7. Bd3 d5 8.
O-O Nf6 9. Re1 Be7 10. e5 Nd7 11. Qg4 Kf8 12. Qh5 Kg8 13. Bd2 c5 14. b3 Bb7 15.
Na4 Bc6 16. c4 g6 17. Qh3 d4 18. Be4 Bxe4 19. Rxe4 a5 20. Nb2 h5 21. Nd3 a4 22.
b4 Qc7 23. b5 Nb6 24. Rc1 a3 25. Nf4 Ra4 26. Nxg6 fxg6 27. Qxe6+ Kg7 28. Rf4 Bd8
29. Rf3 Qd7 30. Qxd7+ Nxd7 31. Re1 Ba5 32. Bxa5 Rxa5 33. e6 Nf6 34. Re5 Re8 35.
h3 Raa8 36. Rxc5 Rxe6 37. Rc7+ Kh6 38. c5 Rd8 39. Rd3 Nd5 40. Ra7 Nb4 41. Rd1
Re5 42. Ra4 Nxa2 43. Rxa3 Nc3 44. Rd3 Nxb5 45. Ra6 Rxc5 0-1

[Event "3rd Sat Djenovici Mar IM"]
[Site "Djenovici MNE"]
[Date "2018.03.17"]
[Round "1.4"]
[White "Farkas, Tibor"]
[Black "Marjanovic, Dejan"]
[Result "1/2-1/2"]
[WhiteTitle "IM"]
[BlackTitle "FM"]
[WhiteElo "2329"]
[BlackElo "2377"]
[WhiteFideId "933333"]
[BlackFideId "14402661"]
[EventDate "2018.03.17"]

1. e4 e6 2. d4 d5 3. exd5 exd5 4. Nf3 Bg4 5. h3 Bh5 6. Bd3 Bd6 7. O-O Ne7 8. Re1
Nc6 9. c3 f6 10. Nbd2 Qd7 11. Nf1 O-O-O 12. Ng3 Bf7 13. Qc2 g5 14. Nf5 Bg6 15.
Nxd6+ Qxd6 16. Nh2 Rde8 17. Nf1 Nd8 18. Ng3 Qd7 19. Bd2 Nf7 20. Re2 Nd6 21. Rae1
Bxd3 22. Qxd3 h5 23. Qf3 h4 24. Nh5 Ng8 25. Nxf6 Nxf6 26. Qxf6 Ne4 27. Rxe4 dxe4
28. Bxg5 Rhf8 29. Qh6 Rh8 30. Qf6 Qh7 31. Qf4 Kb8 32. Kh1 Ref8 33. Qxe4 Qxe4 34.
Rxe4 Rxf2 35. Bxh4 Rxb2 36. Bf6 Rf8 37. g4 a5 38. g5 Rxa2 39. d5 Rf2 40. h4 b5
41. h5 R2xf6 42. gxf6 Rxf6 43. Kg2 Rh6 44. Re5 Kc8 45. Kf3 Kd7 46. Ke4 a4 1/2-1/2

[Event "3rd Sat Djenovici Mar IM"]
[Site "Djenovici MNE"]
[Date "2018.03.17"]
[Round "1.5"]
[White "Sredojevic, Ivan"]
[Black "Martorelli, Antonio"]
[Result "1/2-1/2"]
[WhiteTitle "IM"]
[BlackTitle "IM"]
[WhiteElo "2318"]
[BlackElo "2192"]
[WhiteFideId "929310"]
[BlackFideId "801399"]
[EventDate "2018.03.17"]

1. e4 e5 2. Nf3 Nc6 3. Bb5 a6 4. Bxc6 dxc6 5. d4 exd4 6. Qxd4 Qxd4 7. Nxd4 Bd7
8. O-O O-O-O 9. Nc3 Ne7 10. Be3 Ng6 11. Rad1 Bb4 12. Nde2 1/2-1/2

[Event "3rd Sat Djenovici Mar IM"]
[Site "Djenovici MNE"]
[Date "2018.03.18"]
[Round "2.1"]
[White "Marjanovic, Dejan"]
[Black "Sredojevic, Ivan"]
[Result "1/2-1/2"]
[WhiteTitle "FM"]
[BlackTitle "IM"]
[WhiteElo "2377"]
[BlackElo "2318"]
[WhiteFideId "14402661"]
[BlackFideId "929310"]
[EventDate "2018.03.17"]

1. Nf3 Nf6 2. g3 g6 3. Bg2 Bg7 4. O-O O-O 5. c4 d6 6. Nc3 e5 7. d3 h6 8. Rb1 a5
9. a3 Re8 10. Nd2 c6 11. b4 axb4 12. axb4 d5 13. b5 1/2-1/2

[Event "3rd Sat Djenovici Mar IM"]
[Site "Djenovici MNE"]
[Date "2018.03.18"]
[Round "2.2"]
[White "Ding, Tze How Dilwen"]
[Black "Farkas, Tibor"]
[Result "1/2-1/2"]
[WhiteTitle "FM"]
[BlackTitle "IM"]
[WhiteElo "2273"]
[BlackElo "2329"]
[WhiteFideId "5707641"]
[BlackFideId "933333"]
[EventDate "2018.03.17"]

1. d4 Nf6 2. Nf3 g6 3. c4 Bg7 4. g3 c5 5. Bg2 O-O 6. O-O cxd4 7. Nxd4 Nc6 8. Nc2
d6 9. Nc3 Be6 10. b3 Qa5 11. Bd2 Rfc8 12. e4 Qh5 13. Qxh5 Nxh5 14. Rad1 Nf6 15.
Ne3 Bd7 16. Bc1 Rab8 17. Ncd5 Nxd5 18. Nxd5 Bg4 19. f3 Be6 20. Bg5 Kf8 21. Rfe1
b5 22. Rc1 h6 23. Be3 Nd4 24. Nf4 1/2-1/2

[Event "3rd Sat Djenovici Mar IM"]
[Site "Djenovici MNE"]
[Date "2018.03.18"]
[Round "2.3"]
[White "Rajkovic, Mladen"]
[Black "Kovacevic, Nikola"]
[Result "1-0"]
[WhiteElo "2361"]
[BlackElo "2121"]
[WhiteFideId "930660"]
[BlackFideId "632767"]
[EventDate "2018.03.17"]

1. e4 c5 2. Nc3 Nc6 3. Nge2 Nf6 4. g3 d5 5. exd5 Nxd5 6. Bg2 Nc7 7. O-O Bf5 8.
d3 e6 9. Be3 Na6 10. a3 Be7 11. d4 c4 12. d5 Na5 13. Nd4 O-O 14. Nxf5 exf5 15.
Qf3 Qd7 16. Rad1 Bf6 17. Bd4 Bxd4 18. Rxd4 Rfe8 19. Rfd1 Nc5 20. Qh5 Re5 21. Rh4
h6 22. Rf4 Kh7 23. Bh3 g6 24. Qf3 Rae8 25. g4 g5 26. Rxf5 Rxf5 27. gxf5 f6 28.
Qh5 Qg7 29. Qxe8 1-0

[Event "3rd Sat Djenovici Mar IM"]
[Site "Djenovici MNE"]
[Date "2018.03.18"]
[Round "2.4"]
[White "Fominyh, Alexander"]
[Black "Krstulovic, Alex"]
[Result "1/2-1/2"]
[WhiteTitle "GM"]
[BlackTitle "FM"]
[WhiteElo "2406"]
[BlackElo "2376"]
[WhiteFideId "4100590"]
[BlackFideId "760056"]
[EventDate "2018.03.17"]

1. d4 d5 2. c4 c6 3. Nc3 Nf6 4. cxd5 cxd5 5. Bf4 Nc6 6. e3 Bf5 7. Qb3 Na5 8.
Qa4+ Bd7 9. Qc2 e6 10. Nf3 Rc8 11. Bd3 Be7 12. O-O O-O 13. Ne5 h6 14. Qe2 Nc6
15. a3 a6 16. h3 Be8 17. Rac1 Nd7 18. Nxc6 Rxc6 19. e4 Nb6 20. e5 Nc4 21. Bb1
Bg5 22. Bxg5 Qxg5 23. f4 Qh4 24. Kh2 Rb6 25. Rc2 f5 26. Ba2 Bh5 27. Qf2 Qxf2 28.
Rfxf2 Ne3 29. Rcd2 Rc6 30. Rd3 Nc4 31. Bxc4 Rxc4 32. Rfd2 Rfc8 33. Kg1 b5 1/2-1/2

[Event "3rd Sat Djenovici Mar IM"]
[Site "Djenovici MNE"]
[Date "2018.03.18"]
[Round "2.5"]
[White "Kecskemeti, Arpad"]
[Black "Soham, Das"]
[Result "0-1"]
[WhiteTitle "FM"]
[WhiteElo "2308"]
[BlackElo "2275"]
[WhiteFideId "925322"]
[BlackFideId "35026763"]
[EventDate "2018.03.17"]

1. e4 c5 2. Nf3 d6 3. d4 cxd4 4. Nxd4 Nf6 5. Nc3 a6 6. Be3 e5 7. Nb3 Be6 8. h3
Nbd7 9. g4 Rc8 10. g5 Rxc3 11. bxc3 Nxe4 12. Qd3 Bf5 13. Qd5 Nxc3 14. Qa5 Qc8
15. Bg2 Qc4 16. Bf3 d5 17. Nd2 Qc6 18. Kf1 Bd6 19. Re1 O-O 20. Nb1 Qc4+ 21. Be2
Nxe2 22. Rxe2 d4 23. Bc1 d3 0-1

[Event "3rd Sat Djenovici Mar IM"]
[Site "Djenovici MNE"]
[Date "2018.03.19"]
[Round "3.1"]
[White "Krstulovic, Alex"]
[Black "Kecskemeti, Arpad"]
[Result "1-0"]
[WhiteTitle "FM"]
[BlackTitle "FM"]
[WhiteElo "2376"]
[BlackElo "2308"]
[WhiteFideId "760056"]
[BlackFideId "925322"]
[EventDate "2018.03.17"]

1. d4 Nf6 2. c4 g6 3. Nc3 Bg7 4. e4 d6 5. Be2 O-O 6. Nf3 a6 7. O-O Nbd7 8. Be3
e5 9. Qd2 Ng4 10. Bg5 f6 11. Bh4 g5 12. Bg3 Nh6 13. Rad1 Nf7 14. Nd5 Re8 15.
dxe5 dxe5 16. Qc2 c6 17. Ne3 Qb6 18. h4 h6 19. hxg5 hxg5 20. Nd2 a5 21. Bh5 Bf8
22. Ng4 Kg7 23. Qc3 Be7 24. Qf3 Qxb2 25. Nb1 c5 26. Nc3 Rh8 27. Nd5 Bd8 28. Nge3
Nf8 29. Rfe1 Ng6 30. Re2 Qxe2 31. Qxe2 Nf4 32. Bxf4 exf4 33. Nf5+ Bxf5 34. exf5
Ne5 35. Bg6 Rc8 36. Rb1 b6 37. Rb3 Rc6 38. Rh3 f3 39. Qe4 Rxh3 40. gxh3 Rd6 41.
h4 g4 42. Bh5 1-0

[Event "3rd Sat Djenovici Mar IM"]
[Site "Djenovici MNE"]
[Date "2018.03.19"]
[Round "3.2"]
[White "Kovacevic, Nikola"]
[Black "Fominyh, Alexander"]
[Result "0-1"]
[BlackTitle "GM"]
[WhiteElo "2121"]
[BlackElo "2406"]
[WhiteFideId "632767"]
[BlackFideId "4100590"]
[EventDate "2018.03.17"]

1. e4 c5 2. Nf3 Nc6 3. d4 cxd4 4. Nxd4 Qc7 5. Nc3 e6 6. Be3 a6 7. Qf3 Bb4 8. Bd3
Nge7 9. O-O O-O 10. Rad1 Nxd4 11. Bxd4 e5 12. Nd5 Nxd5 13. exd5 exd4 14. Bxh7+
Kxh7 15. Qh5+ Kg8 16. Rxd4 g6 17. Qh6 Qe5 18. Rxb4 d6 19. Rh4 Qg7 20. Qe3 Bf5
21. Qb6 Qe5 22. c4 Rfe8 23. Rd4 Rac8 24. Rd2 Rxc4 25. f3 Qe3+ 26. Qxe3 Rxe3 27.
Kf2 Re8 28. g4 Bd7 29. Re1 Rxe1 30. Kxe1 g5 31. Kf2 f5 32. gxf5 Bxf5 33. Ke3 Kf7
34. b3 Rc3+ 35. Kf2 Kf6 0-1

[Event "3rd Sat Djenovici Mar IM"]
[Site "Djenovici MNE"]
[Date "2018.03.19"]
[Round "3.3"]
[White "Farkas, Tibor"]
[Black "Rajkovic, Mladen"]
[Result "1/2-1/2"]
[WhiteTitle "IM"]
[WhiteElo "2329"]
[BlackElo "2361"]
[WhiteFideId "933333"]
[BlackFideId "930660"]
[EventDate "2018.03.17"]

1. e4 e5 2. Nf3 Nc6 3. Bc4 Bc5 4. c3 Nf6 5. d4 exd4 6. e5 d5 7. Bb5 Ne4 8. cxd4
Bb4+ 9. Nbd2 O-O 10. O-O Bxd2 11. Bxd2 Nxd2 12. Qxd2 Ne7 13. Rac1 c6 14. Bd3 Bf5
15. Rc3 Bxd3 16. Rxd3 Ng6 17. Ng5 h6 18. Nh3 f6 19. Rg3 Qe8 20. f4 f5 1/2-1/2

[Event "3rd Sat Djenovici Mar IM"]
[Site "Djenovici MNE"]
[Date "2018.03.19"]
[Round "3.4"]
[White "Sredojevic, Ivan"]
[Black "Ding, Tze How Dilwen"]
[Result "1-0"]
[WhiteTitle "IM"]
[BlackTitle "FM"]
[WhiteElo "2318"]
[BlackElo "2273"]
[WhiteFideId "929310"]
[BlackFideId "5707641"]
[EventDate "2018.03.17"]

1. Nf3 d5 2. g3 Nf6 3. Bg2 c6 4. O-O Bg4 5. d3 e6 6. Nbd2 Be7 7. h3 Bh5 8. e4
O-O 9. Re1 dxe4 10. dxe4 Bxf3 11. Qxf3 e5 12. Nc4 Nbd7 13. a4 Bc5 14. c3 a5 15.
Nxa5 Qxa5 16. b4 Qa7 17. bxc5 Nxc5 18. Be3 Qa5 19. Bg5 Nfd7 20. Qg4 Kh8 21. Red1
Nb6 22. Bf1 f6 23. Be3 Rfd8 24. h4 Rxd1 25. Rxd1 Nbxa4 26. h5 Qc7 27. h6 g6 28.
f4 exf4 29. Bd4 Nxe4 30. Qe6 Qd8 31. Qxe4 c5 32. Qxb7 1-0

[Event "3rd Sat Djenovici Mar IM"]
[Site "Djenovici MNE"]
[Date "2018.03.19"]
[Round "3.5"]
[White "Martorelli, Antonio"]
[Black "Marjanovic, Dejan"]
[Result "0-1"]
[WhiteTitle "IM"]
[BlackTitle "FM"]
[WhiteElo "2192"]
[BlackElo "2377"]
[WhiteFideId "801399"]
[BlackFideId "14402661"]
[EventDate "2018.03.17"]

1. e4 d6 2. d4 Nf6 3. Nc3 e5 4. Nf3 Nbd7 5. g3 Be7 6. Bg2 c6 7. O-O O-O 8. Re1
Qc7 9. b3 b5 10. Bb2 Bb7 11. a4 a6 12. Nh4 g6 13. Qd2 Rfe8 14. Re2 Rad8 15. axb5
axb5 16. d5 Nb6 17. dxc6 Bxc6 18. Nd5 Nfxd5 19. exd5 Bd7 20. f4 Bg4 21. Rf2 Qc5
22. Re1 f6 23. Re3 Bd7 24. Rc3 Qb4 25. Qd3 f5 26. Qe3 Nc4 27. bxc4 Qxb2 28. Rb3
Qa1+ 29. Rf1 Qa4 30. cxb5 Bxb5 31. Rfb1 Bd7 32. Nf3 exf4 33. Qxf4 Qxf4 34. gxf4
Bf6 35. Rb6 Ba4 36. R1b4 Re4 37. Ne5 Re1+ 38. Bf1 Bxc2 39. Nc6 Rf8 40. Rb8 Bd3
41. Rxf8+ Kxf8 0-1

[Event "3rd Sat Djenovici Mar IM"]
[Site "Djenovici MNE"]
[Date "2018.03.19"]
[Round "4.1"]
[White "Ding, Tze How Dilwen"]
[Black "Martorelli, Antonio"]
[Result "0-1"]
[WhiteTitle "FM"]
[BlackTitle "IM"]
[WhiteElo "2273"]
[BlackElo "2192"]
[WhiteFideId "5707641"]
[BlackFideId "801399"]
[EventDate "2018.03.17"]

1. d4 Nf6 2. Nf3 g6 3. c4 Bg7 4. g3 O-O 5. Bg2 d6 6. O-O Nc6 7. Nc3 a6 8. h3 Bd7
9. e4 e5 10. d5 Nd4 11. Nxd4 exd4 12. Qxd4 Qc8 13. Bg5 Ng4 14. Qd2 Ne5 15. b3
Bxh3 16. Bh6 Qg4 17. Qf4 Bxh6 18. Qxh6 Bxg2 0-1

[Event "3rd Sat Djenovici Mar IM"]
[Site "Djenovici MNE"]
[Date "2018.03.19"]
[Round "4.2"]
[White "Rajkovic, Mladen"]
[Black "Sredojevic, Ivan"]
[Result "1/2-1/2"]
[BlackTitle "IM"]
[WhiteElo "2361"]
[BlackElo "2318"]
[WhiteFideId "930660"]
[BlackFideId "929310"]
[EventDate "2018.03.17"]

1. e4 d6 2. d4 Nf6 3. Nc3 e5 4. Nf3 Nbd7 5. a4 Be7 6. Bc4 O-O 7. O-O c6 8. Re1
a5 9. h3 Nb6 10. Ba2 Nfd7 11. Be3 exd4 12. Bxd4 Nc5 13. Bxc5 dxc5 14. Nd2 Qd6
15. Nc4 Nxc4 16. Bxc4 Qg6 17. Qf3 Be6 18. Bxe6 Qxe6 19. Qg4 Qxg4 20. hxg4 Rad8
21. Rad1 c4 22. Rxd8 Rxd8 23. Rd1 Rxd1+ 24. Nxd1 b5 1/2-1/2

[Event "3rd Sat Djenovici Mar IM"]
[Site "Djenovici MNE"]
[Date "2018.03.19"]
[Round "4.3"]
[White "Fominyh, Alexander"]
[Black "Farkas, Tibor"]
[Result "1/2-1/2"]
[WhiteTitle "GM"]
[BlackTitle "IM"]
[WhiteElo "2406"]
[BlackElo "2329"]
[WhiteFideId "4100590"]
[BlackFideId "933333"]
[EventDate "2018.03.17"]

1. d4 Nf6 2. Nf3 g6 3. g3 Bg7 4. Bg2 O-O 5. O-O d5 6. c4 c6 7. cxd5 cxd5 8. Nc3
e6 9. Bf4 Nc6 10. Ne5 Nxe5 11. Bxe5 Bd7 12. Qb3 Bc6 13. Rad1 Qe7 14. a3 Rfd8 15.
Rd3 Ne8 16. Bxg7 Kxg7 17. Rc1 Rac8 18. Rdd1 Nd6 19. e3 Rc7 20. Bf1 Rdc8 21. Bd3
Be8 22. Ne2 Rxc1 23. Rxc1 Rxc1+ 24. Nxc1 Qc7 25. Ne2 b6 26. Nc3 Bc6 27. Qd1 Bd7
28. h4 h5 29. Qe2 Qd8 30. Kg2 Bc6 31. Qc2 Qd7 32. Kg1 Qe8 33. Qe2 Qd8 34. b4 Qc7
35. Qb2 Qd7 36. b5 Bb7 37. a4 Qc7 38. Qb4 Nc8 39. Ne2 Nd6 40. Nf4 Bc8 41. Kg2
Ne8 42. Qb1 f5 43. Be2 Qc3 44. Nd3 Bb7 45. Ne5 Nf6 46. Qd1 Ba8 47. Nd3 Bb7 48.
Nf4 Bc8 49. Qb1 Kf7 50. Bd3 Ne8 51. Ne2 Qc7 52. Qb4 Nd6 53. Nf4 Kf6 54. Be2 Bd7
55. Bf3 Kf7 56. Nd3 Kg7 57. Ne5 Be8 58. Be2 Kf6 59. Qa3 Kg7 60. Bd3 Kf6 61. Kf1
Kg7 62. Ke2 Kf6 63. Kd2 Ke7 64. Qb3 Kf6 65. Qb4 Ke7 66. Qb1 Kf6 67. Qd1 Nf7 68.
Nf3 Bd7 69. Qb3 Be8 70. Qb4 Nd6 71. Ne5 Ke7 72. f3 Kf6 73. g4 fxg4 74. fxg4 hxg4
75. Nxg4+ Kg7 76. Qb1 Qe7 77. Qe1 Nf7 78. Qg3 Qd6 79. Qxd6 Nxd6 80. Ke2 g5 81.
hxg5 Bh5 82. Kf3 Nc4 83. Kf4 Bxg4 84. Kxg4 Nxe3+ 85. Kf4 Nc4 86. Kf3 Nb2 87. Bc2
Nc4 88. Ke2 Kf7 89. Bd3 Nb2 90. Bc2 1/2-1/2

[Event "3rd Sat Djenovici Mar IM"]
[Site "Djenovici MNE"]
[Date "2018.03.19"]
[Round "4.4"]
[White "Kecskemeti, Arpad"]
[Black "Kovacevic, Nikola"]
[Result "1-0"]
[WhiteTitle "FM"]
[WhiteElo "2308"]
[BlackElo "2121"]
[WhiteFideId "925322"]
[BlackFideId "632767"]
[EventDate "2018.03.17"]

1. e4 c5 2. Nf3 d6 3. d4 cxd4 4. Nxd4 Nf6 5. Nc3 a6 6. Be3 e5 7. Nb3 Be6 8. h3
Nbd7 9. g4 b5 10. g5 b4 11. Nd5 Nxd5 12. exd5 Bf5 13. Bd3 Bg6 14. h4 Be7 15.
Bxg6 hxg6 16. Qg4 a5 17. O-O-O Rc8 18. Kb1 Qc7 19. Rd2 a4 20. Nc1 Qc4 21. Qh3 a3
22. Nb3 Qa6 23. f4 axb2 24. Kxb2 Qa3+ 25. Kb1 Ra8 26. Nc1 exf4 27. Rd3 Qa4 28.
Bxf4 b3 29. Qe3 bxc2+ 30. Ka1 Ne5 31. Bxe5 dxe5 32. Qxe5 Qb5 33. Rb3 Qd7 34.
Qxg7 Rf8 35. Qe5 Qd6 36. Qe4 Kd8 37. Qxc2 Rc8 38. Qd2 Qe5+ 39. Qb2 Qxd5 40. Rhh3
Bd6 41. Rhd3 Qe6 42. Rb6 Ke7 43. Rbxd6 Qxd6 44. Rxd6 Kxd6 45. Qd4+ Ke6 46. Nd3
Rfd8 47. Nc5+ Ke7 48. Qe5+ Kf8 49. Nd7+ Kg8 50. Nf6+ Kf8 51. Nd5 1-0

[Event "3rd Sat Djenovici Mar IM"]
[Site "Djenovici MNE"]
[Date "2018.03.19"]
[Round "4.5"]
[White "Soham, Das"]
[Black "Krstulovic, Alex"]
[Result "1/2-1/2"]
[BlackTitle "FM"]
[WhiteElo "2275"]
[BlackElo "2376"]
[WhiteFideId "35026763"]
[BlackFideId "760056"]
[EventDate "2018.03.17"]

1. e4 e5 2. Nf3 Nc6 3. Bc4 Bc5 4. c3 Nf6 5. d3 O-O 6. O-O d5 7. exd5 Nxd5 8. a4
Bf5 9. Re1 Nb6 10. Bb5 e4 11. dxe4 Qxd1 12. Rxd1 Bxe4 13. Ng5 Bc2 14. Rd2 Bb3
15. Re2 Rfd8 16. Nd2 Na5 17. Re1 Bf8 18. Nxb3 Nxb3 19. Ra2 Rd5 20. Be3 Bc5 21.
Bxc5 Nxc5 22. Nf3 c6 23. Be2 Ncxa4 24. Rea1 Re8 1/2-1/2

[Event "3rd Sat Djenovici Mar IM"]
[Site "Djenovici MNE"]
[Date "2018.03.20"]
[Round "5.1"]
[White "Kovacevic, Nikola"]
[Black "Soham, Das"]
[Result "0-1"]
[WhiteElo "2121"]
[BlackElo "2275"]
[WhiteFideId "632767"]
[BlackFideId "35026763"]
[EventDate "2018.03.17"]

1. e4 c5 2. Nf3 d6 3. d4 cxd4 4. Nxd4 Nf6 5. Nc3 a6 6. Be3 e5 7. Nb3 Be6 8. f3
Be7 9. Qd2 O-O 10. O-O-O a5 11. Kb1 a4 12. Nc1 a3 13. b3 Ra5 14. Na4 Rxa4 15.
bxa4 Nc6 16. Nb3 d5 17. Qe1 Qc7 18. Bd3 Ra8 19. Qe2 dxe4 20. Bxe4 Nb4 21. Bc1
Nfd5 22. Bxd5 Nxd5 23. Rxd5 Bxd5 24. Rd1 Be6 25. Qe4 Rc8 26. f4 g6 0-1

[Event "3rd Sat Djenovici Mar IM"]
[Site "Djenovici MNE"]
[Date "2018.03.20"]
[Round "5.2"]
[White "Farkas, Tibor"]
[Black "Kecskemeti, Arpad"]
[Result "1/2-1/2"]
[WhiteTitle "IM"]
[BlackTitle "FM"]
[WhiteElo "2329"]
[BlackElo "2308"]
[WhiteFideId "933333"]
[BlackFideId "925322"]
[EventDate "2018.03.17"]

1. e4 c5 2. Nf3 d6 3. Bb5+ Bd7 4. Bxd7+ Qxd7 5. O-O e5 6. c3 Nc6 7. Re1 g6 8. d4
Rd8 9. dxe5 dxe5 10. Qxd7+ Rxd7 11. Na3 Bg7 12. Be3 b6 13. Rad1 Nge7 14. Rxd7
Kxd7 15. Nc4 Rd8 16. Rd1+ Kc7 17. Rxd8 Kxd8 18. a4 1/2-1/2

[Event "3rd Sat Djenovici Mar IM"]
[Site "Djenovici MNE"]
[Date "2018.03.20"]
[Round "5.3"]
[White "Sredojevic, Ivan"]
[Black "Fominyh, Alexander"]
[Result "1-0"]
[WhiteTitle "IM"]
[BlackTitle "GM"]
[WhiteElo "2318"]
[BlackElo "2406"]
[WhiteFideId "929310"]
[BlackFideId "4100590"]
[EventDate "2018.03.17"]

1. Nf3 Nf6 2. b3 g6 3. Bb2 Bg7 4. g3 d6 5. d4 c5 6. Bg2 cxd4 7. Nxd4 d5 8. O-O
O-O 9. c4 dxc4 10. Nd2 cxb3 11. N2xb3 a5 12. Rc1 a4 13. Nc5 a3 14. Ba1 e5 15.
Nb5 Nc6 16. Nd6 Nd4 17. Ncxb7 Qe7 18. e3 Nf5 19. Nxf5 Bxf5 20. Qd6 Qxd6 21. Nxd6
Ra5 22. Bc3 Rc5 23. Nxf5 gxf5 24. Bb4 Rxc1 25. Rxc1 Rd8 26. Bxa3 e4 27. Be7 Ra8
28. Rc5 Bf8 29. Bxf8 Kxf8 30. Rxf5 Kg7 31. Rf4 Ra4 32. g4 h6 33. h4 Kg6 34. a3
Rc4 35. Kh2 Ra4 36. Kg3 Kg7 37. Bf3 Kg6 38. Bd1 Rc4 39. Bb3 Rc5 40. a4 Kg7 41.
Rf5 Rc3 42. Bxf7 Kxf7 43. g5 hxg5 44. hxg5 Kg6 45. Rxf6+ Kxg5 46. Rf4 Rc4 47. a5 1-0

[Event "3rd Sat Djenovici Mar IM"]
[Site "Djenovici MNE"]
[Date "2018.03.20"]
[Round "5.4"]
[White "Martorelli, Antonio"]
[Black "Rajkovic, Mladen"]
[Result "0-1"]
[WhiteTitle "IM"]
[WhiteElo "2192"]
[BlackElo "2361"]
[WhiteFideId "801399"]
[BlackFideId "930660"]
[EventDate "2018.03.17"]

1. e4 e5 2. Nf3 Nc6 3. d4 exd4 4. c3 d5 5. exd5 Qxd5 6. cxd4 Bb4+ 7. Nc3 Nf6 8.
Be2 O-O 9. O-O Qd6 10. Bg5 a6 11. Qc1 Nxd4 12. Nxd4 Qxd4 13. Rd1 Qe5 14. Bxf6
Qxf6 15. Nd5 Qe5 16. Nxb4 Qxe2 17. Qxc7 Qxb2 18. Rab1 Qe2 19. Re1 Qh5 20. Rbd1
Qb5 21. Qf4 Be6 22. Re5 Qa4 23. Rd4 Rfd8 24. Nd5 Qxa2 25. h4 Rxd5 0-1

[Event "3rd Sat Djenovici Mar IM"]
[Site "Djenovici MNE"]
[Date "2018.03.20"]
[Round "5.5"]
[White "Marjanovic, Dejan"]
[Black "Ding, Tze How Dilwen"]
[Result "1-0"]
[WhiteTitle "FM"]
[BlackTitle "FM"]
[WhiteElo "2377"]
[BlackElo "2273"]
[WhiteFideId "14402661"]
[BlackFideId "5707641"]
[EventDate "2018.03.17"]

1. Nf3 Nf6 2. d4 d5 3. Bf4 c5 4. e3 Nc6 5. Nbd2 Bf5 6. dxc5 e6 7. Nd4 Bxc5 8.
Nxf5 exf5 9. c3 Bd6 10. Qf3 Bxf4 11. Qxf4 g6 12. Be2 O-O 13. O-O Re8 14. Rfd1
Kg7 15. Qa4 Qc7 16. g3 Rad8 17. Nf3 Ne4 18. Nd4 Qe7 19. Bb5 Nc5 20. Qa3 Rc8 21.
Nb3 Nxb3 22. axb3 Qe4 23. Bxc6 bxc6 24. Qxa7 Qc2 25. Qd4+ Kg8 26. b4 Qxb2 27.
Ra7 Ra8 28. Rc7 Rec8 29. Rxc8+ Rxc8 30. Qc5 Kg7 31. h4 h5 32. Kg2 Kg8 33. Rxd5
Qb1 34. Qc4 cxd5 35. Qxc8+ Kg7 36. Qc5 Qe4+ 37. Kh2 Qf3 38. Qd4+ 1-0